[Event "ch-Euro Youth g18"]
[Site "Albena BUL"]
[Date "2011.09.17"]
[Round "6.10"]
[White "Collado Barbas,L"]
[Black "Olsarova,K"]
[Result "1/2-1/2"]
[WhiteElo "2057"]
[BlackElo "2176"]

1.d4 d5 2.c4 c6 3.Nc3 Nf6 4.e3 e6 5.Nf3 Nbd7 6.Qc2 Bd6 7.b3 O-O 8.Be2 e5
9.cxd5 cxd5 10.Nb5 Bb8 11.Ba3 Re8 12.Rc1 e4 13.Nd2 Nf8 14.O-O Ne6 15.Rfe1 a6
16.Nc3 b5 17.b4 Nf8 18.Nf1 Bg4 19.Bxg4 Nxg4 20.h3 Nf6 21.Qb3 Ng6 22.Ne2 Qd7
23.Rc3 Nh4 24.Neg3 g5 25.Rec1 g4 26.hxg4 Nxg4 27.Rc5 Nf6 28.Qd1 Kh8 29.Nh2 Rg8
30.Nhf1 Bd6 31.Rc6 a5 32.Qe2 axb4 33.Bxb4 Bxb4 34.Rxf6 Rg7 35.Qh5 Ng6 36.Nf5 Rgg8
37.Nh6 Rgf8 38.Rfc6 Ra7 39.Ng4 Be7 40.R1c5 f6 41.Rc2 Bd6 42.Nd2 Ne7  1/2-1/2

[Event "4th Mumbai Mayors Cup"]
[Site "Mumbai IND"]
[Date "2011.09.17"]
[Round "2"]
[White "Linda,R"]
[Black "Grover,S"]
[Result "0-1"]
[WhiteElo "2158"]
[BlackElo "2514"]

1.d4 e6 2.c4 Nf6 3.Nf3 d5 4.Nc3 c6 5.e3 Nbd7 6.Qc2 Bd6 7.b3 O-O 8.Be2 b6
9.O-O Bb7 10.Bb2 Qe7 11.Rac1 dxc4 12.bxc4 e5 13.Rfd1 Rfe8 14.a4 Rad8 15.Rb1 e4
16.Nd2 c5 17.d5 h5 18.a5 Bb8 19.axb6 axb6 20.Ba1 h4 21.Nf1 Nh7 22.Na4 Bc7
23.Qb2 Nhf6 24.g3 Rb8 25.gxh4 Ne5 26.Ng3 Qd7 27.d6 Nf3+ 28.Kg2 Bxd6 29.Qxb6 Bc8
30.Kh1 Qh3 31.Bxf3 exf3  0-1

[Event "4th Mumbai Mayors Cup"]
[Site "Mumbai IND"]
[Date "2011.09.17"]
[Round "2"]
[White "Sethuraman,S"]
[Black "Mithil,A"]
[Result "1-0"]
[WhiteElo "2529"]
[BlackElo "2193"]

1.d4 d5 2.c4 c6 3.Nc3 Nf6 4.e3 e6 5.Nf3 Nbd7 6.Qc2 Bd6 7.Bd3 O-O 8.O-O dxc4
9.Bxc4 b5 10.Be2 Bb7 11.Rd1 Qc7 12.Bd2 a6 13.b4 Rfe8 14.h3 Nf8 15.Bd3 Qe7
16.a3 Ng6 17.Ng5 a5 18.Nce4 Bc7 19.Nc5 Bc8 20.f4 a4 21.Rf1 Nd5 22.Rae1 Qd8
23.Qd1 e5 24.dxe5 Bxe5 25.Nxf7 Kxf7 26.fxe5+ Kg8 27.Bxg6 hxg6 28.Qc2 Kh7
29.Rf7 Re7 30.Ref1 Raa7 31.e6 Rxf7 32.exf7 Qf8 33.Ne4 Rc7 34.Ng5+ Kh8 35.Qxg6  1-0

[Event "22nd St Petersburg-Moscow Match"]
[Site "St Petersburg RUS"]
[Date "2011.09.17"]
[Round "1"]
[White "Khalifman,A"]
[Black "Inarkiev,E"]
[Result "1/2-1/2"]
[WhiteElo "2627"]
[BlackElo "2692"]

1.d4 d5 2.c4 c6 3.Nc3 Nf6 4.e3 e6 5.Nf3 Nbd7 6.Qc2 Bd6 7.Bd3 O-O 8.O-O dxc4
9.Bxc4 b5 10.Be2 Bb7 11.Rd1 Qc7 12.e4 e5 13.dxe5 Nxe5 14.Nd4 Neg4 15.Bxg4 Bxh2+
16.Kf1 Nxg4 17.g3 Qe5 18.Kg2 c5 19.Nf3 Qh5 20.Nd5 f5 21.Nf4 Qe8 22.Re1 fxe4
23.Nxh2 e3+ 24.f3 Nxh2 25.Kxh2 Rxf4 26.gxf4 Qh5+ 27.Kg1 Qxf3 28.Qh2 Qg4+
29.Kf1 Qf3+ 30.Kg1 Re8 31.Rxe3 Rxe3 32.Bxe3 Qxe3+ 33.Qf2 Qh3 34.Qh2 Qe3+
35.Qf2 Qh3 36.Qh2 Qg4+ 37.Kf2 Qf3+ 38.Kg1 h5 39.Re1 h4 40.a3 h3 41.Re8+ Kf7
42.Re2 Be4 43.f5 Kg8 44.f6 gxf6 45.Re1 Qg4+ 46.Kf2 Qf3+ 47.Kg1 Kf7 48.Rf1 Qe3+
49.Qf2 Qg5+ 50.Kh2 Qg2+ 51.Qxg2 hxg2 52.Rf4 f5 53.Rh4 Kg7 54.Rh3 b4 55.axb4 cxb4
56.Re3 a5 57.Re1 a4 58.Rd1 a3 59.bxa3 b3 60.Rd7+ Kf6 61.Rd6+ Ke5 62.Rb6 Bd5
63.Rb4 f4 64.Kg1 f3 65.Kf2 Kd6 66.a4 Kc5 67.Rb8 Kc4 68.a5 Kc3 69.a6 b2 70.a7 Bc6
71.a8=Q Bxa8 72.Rc8+ Kd3 73.Rb8 Kc2 74.Rc8+ Kd2 75.Rb8 Kc3 76.Rc8+ Kd3 77.Rb8 Kc3
78.Rc8+ Kd3  1/2-1/2

[Event "e2e4 Sunningdale Autumn"]
[Site "Sunningdale ENG"]
[Date "2011.09.17"]
[Round "2"]
[White "Williams,Pe"]
[Black "Shepherd,David"]
[Result "1-0"]
[WhiteElo "2196"]
[BlackElo "1996"]

1.d4 Nf6 2.c4 e6 3.Nc3 d5 4.Nf3 c6 5.e3 Be7 6.Bd3 dxc4 7.Bxc4 b5 8.Bd3 O-O
9.O-O a6 10.e4 c5 11.dxc5 Bxc5 12.e5 Nfd7 13.Bxh7+ Kxh7 14.Ng5+ Kg6 15.Qc2+ f5
16.exf6 Kxf6 17.Nce4+ Ke7 18.Nxc5 Nxc5 19.Qxc5+ Qd6 20.Be3 Nd7 21.Qc3 e5
22.Rad1 b4 23.Qc2 Qh6 24.Ne4 Qe6 25.Bc5+ Ke8 26.Bxf8 Kxf8 27.Ng5 Qe7 28.f4 e4
29.Qxe4 Qxe4 30.Nxe4 a5 31.f5 Ra7 32.f6 Ba6 33.Rf2 gxf6 34.Rxd7 Rxd7 35.Rxf6+ Ke7
36.Rxa6 Rd4 37.Nc5 Rc4 38.Rxa5 Rc1+ 39.Kf2 Rc2+ 40.Kf3 Rxb2 41.h4 Kf7 42.Nd3 Rd2
43.Ne5+ Kf6 44.g4 Rb2 45.g5+ Kg7 46.Ra7+ Kg8 47.h5 b3 48.h6 bxa2 49.h7+ Kh8
50.Ng6+  1-0

[Event "ch-Euro Youth b14"]
[Site "Albena BUL"]
[Date "2011.09.18"]
[Round "7.7"]
[White "Huber,Mart AUT"]
[Black "Petrosyan,M"]
[Result "0-1"]
[WhiteElo "2133"]
[BlackElo "2207"]

1.d4 d5 2.c4 c6 3.Nf3 Nf6 4.Nc3 e6 5.e3 Nbd7 6.Qc2 Bd6 7.Bd3 dxc4 8.Bxc4 O-O
9.O-O b5 10.Be2 Bb7 11.Rd1 Qb8 12.e4 c5 13.dxc5 Bxc5 14.Bxb5 Ne5 15.Nxe5 Qxe5
16.Qe2 Nxe4 17.Nxe4 Bxe4 18.Kh1 Bxf2 19.Rf1 Bd4 20.Bf4 Qd5 21.Ba4 Bg6 22.Bb3 Qe4
23.Qd2 Rad8 24.Rae1 Qb7 25.Qe2 Bf6 26.Rd1 Rxd1 27.Rxd1 Qe4 28.Qxe4 Bxe4 29.Rd7 a6
30.Rd6 Ra8 31.Bc4 Bxb2 32.Rxa6 Rxa6 33.Bxa6 Ba3 34.Bc4 Kf8 35.Kg1 Ke7 36.Kf2 f6
37.g3 e5 38.Be3 Kd6 39.Ke2 Bd5 40.Bd3 g6 41.Bb1 Bc4+ 42.Kf3 f5 43.Bd2 Kd5
44.Bc3 e4+ 45.Kf2 Bc5+ 46.Kg2 g5 47.Bf6 f4 48.gxf4 gxf4 49.Bh4 f3+ 50.Kh3 f2
51.Bxf2 Bxf2 52.Kg2 Bc5 53.Bc2 e3  0-1

[Event "ch-Euro Youth b16"]
[Site "Albena BUL"]
[Date "2011.09.18"]
[Round "7.7"]
[White "Bukavshin,I"]
[Black "Drozdowski,K"]
[Result "0-1"]
[WhiteElo "2539"]
[BlackElo "2306"]

1.d4 d5 2.c4 c6 3.Nc3 Nf6 4.e3 e6 5.Nf3 a6 6.Qc2 c5 7.cxd5 exd5 8.Be2 Nc6
9.Ne5 Qc7 10.Nxc6 bxc6 11.O-O Bd6 12.h3 cxd4 13.exd4 h6 14.Be3 O-O 15.Rac1 Bf4
16.Bd3 Re8 17.Bxf4 Qxf4 18.Ne2 Qg5 19.f4 Qh4 20.Rf3 Bg4 21.Rf2 Bxe2 22.Bxe2 Re6
23.Qd3 Rae8 24.Bf1 Re3 25.Qxa6 Ne4 26.Rfc2 Qxf4 27.Qxc6 Ng3 28.Rf2 Qxd4 29.Qb5 Re1
30.Rxe1 Rxe1 31.Qb8+ Kh7 32.Qxg3 Rxf1+  0-1

[Event "ch-Nordic Senior"]
[Site "Reykjavik ISL"]
[Date "2011.09.18"]
[Round "9.12"]
[White "Sandklef,A"]
[Black "Gunnarsson,Gun"]
[Result "0-1"]
[WhiteElo "2008"]
[BlackElo "2220"]

1.d4 Nf6 2.c4 e6 3.Nf3 d5 4.Nc3 c6 5.e3 Nbd7 6.Bd3 dxc4 7.Bxc4 b5 8.Bd3 a6
9.O-O Bb7 10.Qe2 c5 11.Rd1 Qc7 12.e4 cxd4 13.Nxd4 Nc5 14.f3 Bd6 15.g3 Rd8
16.Be3 O-O 17.Rac1 Qb8 18.Bc2 Rc8 19.a3 Rfd8 20.b4 Ncd7 21.Bb3 Ba8 22.Qf2 Ne5
23.g4 Nexg4 24.fxg4 Nxg4 25.Qe2 Bxh2+ 26.Kf1 Qg3 27.Nf3 Qh3+ 28.Ke1 Bg3+  0-1

[Event "ch-Euro Youth g18"]
[Site "Albena BUL"]
[Date "2011.09.19"]
[Round "8.20"]
[White "Arig,B"]
[Black "Turkova,K"]
[Result "0-1"]
[WhiteElo "1810"]
[BlackElo "1981"]

1.d4 d5 2.Nf3 Nf6 3.c4 c6 4.Nc3 e6 5.e3 Nbd7 6.Qc2 Bd6 7.Be2 dxc4 8.Bxc4 b5
9.Be2 Bb7 10.O-O O-O 11.Rd1 Qc7 12.b3 a6 13.Bb2 Rac8 14.Rac1 c5 15.h3 cxd4
16.Nxd4 b4 17.Na4 Qa5 18.Qb1 Bb8 19.Bf3 Bxf3 20.Nxf3 Ne5 21.Nd4 Rfd8 22.f4 Ng6
23.Nc6 Rxd1+ 24.Rxd1 Rxc6 25.Bd4 Qc7 26.Bc5 Ba7 27.Bxa7 Qxa7 28.Rd8+ Nf8
29.Qd3 Nd5 30.Kf2 Nxf4 31.Qe4 Nd5 32.Qd3 Qe7 33.Rb8 Qc7 34.Ra8 Rc2+ 35.Kf3 Rc6
36.g3 Qb7 37.Rd8 Rc8  0-1

[Event "31st Munich OIS A"]
[Site "Munich GER"]
[Date "2011.09.19"]
[Round "3.1"]
[White "Ivanov,StojanE"]
[Black "Kostic,VG"]
[Result "1/2-1/2"]
[WhiteElo "2221"]
[BlackElo "2433"]

1.Nf3 d5 2.d4 Nf6 3.c4 c6 4.e3 e6 5.Nc3 Nbd7 6.Be2 Bd6 7.O-O O-O 8.Qc2 Re8
9.Rd1 Qe7 10.e4 dxe4 11.Nxe4 Nxe4 12.Qxe4 e5 13.dxe5 Nxe5 14.Nxe5 Qxe5 15.Qxe5 Bxe5
16.Bd3 Bd4 17.Kf1 c5 18.Rb1 Be6 19.b3 Rad8 20.Bf4 f6 21.f3 g5 22.Bg3 Rd7
23.Bc2 Red8 24.Rd2 h5 25.Rbd1 h4 26.Bf2 Bxf2 27.Rxd7 Rxd7 28.Rxd7 Bxd7 29.Kxf2 f5
30.f4 g4 31.g3 hxg3+ 32.hxg3 Kf7 33.Ke3  1/2-1/2

[Event "4th Mumbai Mayors Cup"]
[Site "Mumbai IND"]
[Date "2011.09.20"]
[Round "7"]
[White "Debashis,D"]
[Black "Rahman,Zia"]
[Result "1/2-1/2"]
[WhiteElo "2375"]
[BlackElo "2528"]

1.d4 d5 2.c4 e6 3.Nc3 c6 4.e3 Nf6 5.Nf3 Nbd7 6.Qc2 Bd6 7.Bd3 O-O 8.O-O dxc4
9.Bxc4 b5 10.Bd3 Bb7 11.e4 e5 12.Bg5 exd4 13.Nxd4 Bxh2+ 14.Kxh2 Ng4+ 15.Kg3 Qxg5
16.f4 Qd8 17.Nf5 h5 18.Rh1 g6 19.Nd6 Nc5 20.e5 Nxe5 21.fxe5 Qg5+ 22.Kf2 Qf4+
23.Kg1 Qd4+ 24.Kf1 Nxd3 25.Nxb7 Nxe5 26.Qf2 Qc4+ 27.Qe2 Rab8 28.Nd6 Qf4+
29.Qf2 Qxf2+ 30.Kxf2 Nd3+ 31.Ke3 Nxb2 32.Rab1 Rbd8 33.Nce4 Na4 34.g4 Nc3
35.Nxc3 Rxd6 36.gxh5 Re8+ 37.Kf4 Rd4+ 38.Kg5 Rd3 39.Rbc1 Ree3 40.Nb1 Rg3+
41.Kh6 Rd6 42.Rcd1 Rxd1 43.Rxd1 Kf8 44.hxg6 Rxg6+ 45.Kh5 a5 46.Nc3 Re6 47.Kg5 b4
48.Na4 Re2 49.Ra1 Ke7 50.Kf5 f6 51.Nb6 Rf2+ 52.Ke4 Kd6 53.Nc4+ Kc5 54.Nxa5 Kb5
55.Nb3 Re2+ 56.Kd3  1/2-1/2

[Event "4th Mumbai Mayors Cup"]
[Site "Mumbai IND"]
[Date "2011.09.20"]
[Round "7"]
[White "Neelotpal,D"]
[Black "Soumya,Sw"]
[Result "1-0"]
[WhiteElo "2458"]
[BlackElo "2318"]

1.d4 d5 2.c4 c6 3.Nc3 Nf6 4.e3 e6 5.Nf3 Nbd7 6.Bd3 dxc4 7.Bxc4 b5 8.Be2 Bb7
9.O-O a6 10.e4 b4 11.e5 bxc3 12.exf6 cxb2 13.fxg7 Bxg7 14.Bxb2 c5 15.Qc2 cxd4
16.Bxd4 Bxd4 17.Nxd4 Ne5 18.Qb2 Qd5 19.f3 Rd8 20.Rad1 Qc5 21.Kh1 Bc8 22.Nb3 Qc7
23.Rxd8+ Kxd8 24.Rc1 Qb8 25.f4 Ng6 26.Qf6+ Ke8 27.f5 exf5 28.Bc4  1-0

[Event "4th Mumbai Mayors Cup"]
[Site "Mumbai IND"]
[Date "2011.09.20"]
[Round "7"]
[White "Thejkumar,M"]
[Black "Ankit,R"]
[Result "1/2-1/2"]
[WhiteElo "2450"]
[BlackElo "2281"]

1.d4 d5 2.c4 c6 3.Nc3 Nf6 4.e3 e6 5.Nf3 Nbd7 6.Qc2 Bd6 7.Bd3 O-O 8.O-O dxc4
9.Bxc4 a6 10.a4 c5 11.dxc5 Nxc5 12.e4 Qc7 13.Bg5 b6 14.Bxf6 gxf6 15.Rfe1 Nd7
16.Bf1 Ne5 17.Nxe5 Bxe5 18.g3 Bb7 19.Rac1 Qc5 20.Qb3  1/2-1/2

[Event "US Chess League 2011"]
[Site "ICC INT"]
[Date "2011.09.21"]
[Round "4"]
[White "Berezovsky,I"]
[Black "Bartholomew,J"]
[Result "1/2-1/2"]
[WhiteElo "2437"]
[BlackElo "2440"]

1.d4 d5 2.c4 c6 3.Nf3 Nf6 4.e3 e6 5.Nc3 Nbd7 6.Qc2 Bd6 7.Be2 O-O 8.O-O dxc4
9.Bxc4 a6 10.a4 c5 11.dxc5 Bxc5 12.Rd1 Qc7 13.Ne4 Be7 14.Bd3 Qxc2 15.Bxc2 Nxe4
16.Bxe4 Nf6 17.Bc2 Bd7 18.Ne5 Rfd8 19.Nxd7 Nxd7 20.Bd2 Rac8 21.Bc3 Bf6 22.Bxf6 Nxf6
23.Bb3 Kf8 24.f3 Ke7 25.Kf2 Rxd1 26.Rxd1 Nd7 27.Ke2 a5 28.Rd4 Rc1 29.Rd1 Rc6
30.Kd2 Nc5 31.Bc2 f5 32.h3 Na6 33.Bb3 Nc5 34.Bc2 g6 35.g4 Nd7 36.f4 Rb6 37.Kc3 Nf6
38.gxf5 gxf5 39.Bb3 Ne4+ 40.Kc2 Rb4 41.Rd4 Rxd4 42.exd4 Nf2 43.h4 Nh3 44.d5 Nxf4
45.dxe6 Nxe6 46.Bd5 b6 47.b4 Kd6 48.Bc4 f4 49.bxa5 bxa5 50.Kd3 Ke5 51.Bxe6 Kxe6
52.Ke4 f3 53.Kxf3 Kf5 54.Kg3 h6 55.Kf3 h5 56.Ke3 Kg4 57.Ke4 Kxh4 58.Kf4 Kh3
59.Kf3 h4 60.Kf2 Kg4 61.Kg2 Kf4 62.Kh3 Kg5 63.Kh2 Kg4 64.Kg2 Kf4 65.Kh3 Ke4
66.Kxh4 Kd4 67.Kg3 Kc3 68.Kf2 Kb4 69.Ke2 Kxa4 70.Kd1 Kb3 71.Kc1 Ka2 72.Kc2 a4
73.Kc1 Ka1 74.Kc2 a3 75.Kc1 a2 76.Kc2  1/2-1/2

[Event "4th Mumbai Mayors Cup"]
[Site "Mumbai IND"]
[Date "2011.09.21"]
[Round "8"]
[White "Rajesh,VA"]
[Black "Siddharth,R"]
[Result "1-0"]
[WhiteElo "2331"]
[BlackElo "2387"]

1.d4 d5 2.c4 c6 3.Nf3 Nf6 4.Nc3 e6 5.e3 Nbd7 6.Bd3 dxc4 7.Bxc4 b5 8.Bd3 Bb7
9.O-O a6 10.e4 c5 11.d5 Qc7 12.dxe6 fxe6 13.Bc2 Bd6 14.Ng5 Nf8 15.f4 h6 16.e5 O-O-O
17.exd6 Rxd6 18.Qe2 hxg5 19.a4 b4 20.Ne4 Rd5 21.Be3 gxf4 22.Bxf4 e5 23.Be3 N8d7
24.Rac1 Kb8 25.Ng3 Rd4 26.Bxd4 exd4 27.Bf5 Re8 28.Qc2 Qc6 29.Rf2 Re5 30.Bxd7 Qxd7
31.Qd2 Qd5 32.h3 Ka7 33.Rcf1 Qb3 34.Qf4 Qe6 35.Nf5 Nd5 36.Qg3 g6 37.Ng7 Qd6
38.Rf7 Ne7 39.Ne8 Qb8 40.Nf6 Re2 41.Qxb8+ Kxb8 42.Rf2 Re1+ 43.Kh2 c4 44.Nd7+ Kc7
45.Nc5 Kc6 46.Nxb7 Kxb7 47.R2f4 Kc6 48.Rxd4 Kc5 49.Rd7 Nd5 50.Rf8 Re5 51.Rc8+ Kd4
52.Rd6 a5 53.Rxg6 Ne3 54.Rd6+ Ke4 55.h4 Kf4 56.Rd4+ Kf5 57.Kg3 Kg6 58.Kf3 c3
59.bxc3 b3 60.Rd6+  1-0

[Event "TCh-Central Serbia 2011"]
[Site "Kraljevo SRB"]
[Date "2011.09.24"]
[Round "10.2"]
[White "Djokic,Nen"]
[Black "Lukic,D"]
[Result "1-0"]
[WhiteElo "2362"]
[BlackElo "2307"]

1.d4 d5 2.c4 e6 3.Nf3 Nf6 4.Nc3 c6 5.e3 Nbd7 6.Qc2 Bd6 7.Bd3 O-O 8.O-O e5
9.cxd5 cxd5 10.Nb5 Bb8 11.dxe5 Nxe5 12.Nbd4 Nxd3 13.Qxd3 Ne4 14.b3 Qd6 15.Rd1 Bg4
16.h3 Bh5 17.Bb2 Ng5 18.Kf1 Nxf3 19.Nxf3 Bxf3 20.gxf3 Rd8 21.Qd4 f6 22.Rd2 Bc7
23.Rad1 Qb6 24.Qd3 Qe6 25.Kg2 Rd7 26.Qd4 Be5 27.Qg4 Qf7 28.Bd4 f5 29.Qh4 Bc7
30.f4 Rd6 31.Kh1 Rg6 32.f3 Bd8 33.Qf2 Rh6 34.Qf1 Ba5 35.Rh2 Rc8 36.Rc1 Rcc6
37.Rxc6 Rxc6 38.Rg2 g6 39.Qb5 Bb6 40.Bxb6 axb6 41.Rd2 Rd6 42.Kh2 h5 43.Kg3 Kh7
44.Qb4 h4+ 45.Kf2 Qe6 46.Qd4 Rd7 47.Rc2 Re7 48.Rc3 Qd6 49.Rc8 Rg7 50.b4 Qd7
51.Rc3 Qd6 52.a3 Rc7 53.Ke2 Rxc3 54.Qxc3 Kg8 55.Qc8+ Kh7 56.Qxb7+ Kh6 57.Qa8 Kh7
58.Kd3 d4 59.Qe8 dxe3+ 60.Kxe3 Qd1 61.Qe7+ Kg8 62.Qxh4 Qc1+ 63.Kd4 Qxa3 64.Qd8+ Kh7
65.Qxb6 Qxf3 66.Qc7+ Kh6 67.b5 Qf2+ 68.Kd5 Qf3+ 69.Kc5 Qe3+ 70.Kc6 Qe4+ 71.Kb6 Qe3+
72.Ka6 Qa3+ 73.Kb7 Qf3+ 74.Kb8 g5 75.fxg5+ Kxg5 76.b6 f4 77.Qe7+ Kh5 78.Qh7+ Kg5
79.b7 Qe3 80.Qg7+ Kh5 81.Qf7+ Kh6 82.Qf6+ Kh5 83.Kc7 Qc5+ 84.Qc6 Qe7+ 85.Kb6 Qd8+
86.Kb5 Qd3+ 87.Qc4 Qd7+ 88.Kb6 Qd8+ 89.Qc7 Qf6+ 90.Kc5 Qc3+ 91.Kd6 Qf6+ 92.Kd5  1-0

[Event "Vasteras Open"]
[Site "Vasteras SWE"]
[Date "2011.09.24"]
[Round "5"]
[White "Akesson,R"]
[Black "Vaarala,E"]
[Result "1-0"]
[WhiteElo "2421"]
[BlackElo "2226"]

1.Nf3 d5 2.d4 Nf6 3.c4 c6 4.Nc3 e6 5.e3 a6 6.b3 Nbd7 7.Bd3 Bd6 8.O-O O-O
9.Bb2 b5 10.Qc2 h6 11.a3 e5 12.cxd5 cxd5 13.Nxb5 Bb8 14.dxe5 Ng4 15.Nbd4 Ndxe5
16.h3 Nxd3 17.Qxd3 Nf6 18.Nc6 Qd7 19.Nxb8 Rxb8 20.Bxf6 gxf6 21.b4 Rb6 22.Rac1 Kh8
23.Qd4 Rd6 24.Qf4 Kh7 25.Nd4 Rg8 26.Rxc8  1-0

[Event "8th Highlands Open"]
[Site "Zdar nad Sazavou CZE"]
[Date "2011.09.24"]
[Round "1"]
[White "Bartos,J"]
[Black "Divis,Jan"]
[Result "1-0"]
[WhiteElo "2239"]
[BlackElo "1848"]

1.d4 Nf6 2.Nf3 d5 3.c4 e6 4.Nc3 c6 5.e3 Be7 6.b3 Nbd7 7.Bb2 O-O 8.Bd3 a5
9.O-O Qc7 10.Qc2 dxc4 11.bxc4 g6 12.e4 Nh5 13.g3 Qb8 14.e5 f5 15.exf6 Ndxf6
16.Rfe1 Bb4 17.Ng5 Ng7 18.a3 Bd6 19.Bxg6 hxg6 20.Qxg6 e5 21.Nce4 Bf5 22.Nxf6+ Kh8
23.Qh6+  1-0

[Event "2nd Biella Open A"]
[Site "Biella ITA"]
[Date "2011.09.26"]
[Round "5.4"]
[White "Sbarra,M"]
[Black "Malakhatko,V"]
[Result "0-1"]
[WhiteElo "2227"]
[BlackElo "2543"]

1.d4 d5 2.c4 c6 3.Nc3 Nf6 4.e3 e6 5.Nf3 a6 6.Qc2 c5 7.a3 dxc4 8.Bxc4 b5 9.Be2 Nbd7
10.O-O Bb7 11.dxc5 Bxc5 12.b4 Bd6 13.Qd2 Qb8 14.Bb2 Ke7 15.e4 Ne5 16.h3 Ng6
17.Rfe1 Bf4 18.Qc2 Rc8 19.Bd3 Kf8 20.Qb3 Nd7 21.a4 Nde5 22.Nxe5 Nxe5 23.Rad1 Nxd3
24.Rxd3 Bc6 25.axb5 axb5 26.Ne2 Bh2+ 27.Kh1 Bxe4 28.Rc3 Bd6 29.Rxc8+ Qxc8
30.Nd4 Bd5 31.Qd3 Bxb4 32.Re5 Qc4 33.Qb1 Bc3 34.Kg1  0-1

[Event "Arab Elite Championship 2011"]
[Site "Dubai UAE"]
[Date "2011.09.26"]
[Round "3"]
[White "Mohammad,Sam"]
[Black "Njili,K"]
[Result "1/2-1/2"]
[WhiteElo "2349"]
[BlackElo "2329"]

1.d4 Nf6 2.c4 e6 3.Nf3 d5 4.Nc3 c6 5.e3 Nbd7 6.Qc2 Bd6 7.Be2 O-O 8.b3 Qe7
9.O-O dxc4 10.bxc4 e5 11.Bb2 e4 12.Nd2 Re8 13.Rae1 Nf8 14.f4 h5 15.c5 Bc7
16.Nc4 Bf5 17.Rb1 Rab8 18.Bc1 Ne6 19.Bd2 g6 20.Be1 Nd5 21.Qb2 b6 22.cxb6 Nxb6
23.Qc1 Nd5 24.Rxb8 Rxb8 25.Ne5 Bxe5 26.Nxd5 cxd5 27.fxe5 Qg5 28.Bd2 Bh3 29.Rf2 Ng7
30.Bd1 Be6 31.Bb3 Rc8 32.Qe1 Nf5 33.Rf4  1/2-1/2

[Event "16th ECC w"]
[Site "Rogaska Slatina SLO"]
[Date "2011.09.26"]
[Round "2.2"]
[White "Johnsen,Sy"]
[Black "Danielian,E"]
[Result "0-1"]
[WhiteElo "2038"]
[BlackElo "2517"]

1.c4 c6 2.d4 d5 3.e3 Nf6 4.Nc3 e6 5.Nf3 Nbd7 6.cxd5 exd5 7.Bd3 Bd6 8.O-O O-O
9.Re1 Re8 10.Qc2 Nf8 11.e4 dxe4 12.Nxe4 Nxe4 13.Bxe4 h6 14.a3 Be6 15.Ne5 a5
16.Be3 a4 17.Rac1 Bb3 18.Qc3 Qa5 19.Bd2 Qxc3 20.Bxc3 Rad8 21.Bc2 Bxc2 22.Rxc2 f6
23.Nf3 Kf7 24.h3 h5 25.Rd1 Bc7 26.Bb4 Ne6 27.g3 g5 28.Rcd2 Rd5 29.Ne1 h4
30.Kg2 hxg3 31.fxg3 Ng7 32.g4 Ne6 33.Kf3 Rh8 34.Ng2 Rxh3+ 35.Kf2 Bg3+ 36.Ke2 Nf4+
37.Nxf4 Bxf4 38.Rd3 Rh2+ 39.Kf3 Rxb2 40.Rh1 Kg6 41.Rh8 Rb3 42.Ke4 Rxd3 43.Kxd3 Be5
44.Bc5 Bxd4 45.Bxd4 c5  0-1

[Event "16th ECC w"]
[Site "Rogaska Slatina SLO"]
[Date "2011.09.26"]
[Round "2.3"]
[White "Dzagnidze,N"]
[Black "Zhukova,N"]
[Result "1/2-1/2"]
[WhiteElo "2525"]
[BlackElo "2416"]

1.d4 d5 2.c4 c6 3.Nf3 Nf6 4.Nc3 e6 5.e3 Nbd7 6.Bd3 dxc4 7.Bxc4 b5 8.Bd3 Bb7
9.O-O a6 10.e4 c5 11.d5 Qc7 12.dxe6 fxe6 13.Bc2 Bd6 14.Ng5 Nf8 15.f4 O-O-O
16.Qe2 h6 17.Nh3 e5 18.f5 N8d7 19.Nf2 Rhe8 20.a4 b4 21.Ncd1 Nb8  1/2-1/2

[Event "Tatry Open"]
[Site "Tatranske Zruby SVK"]
[Date "2011.09.26"]
[Round "2.49"]
[White "Kebis,M"]
[Black "Siwek,A"]
[Result "1-0"]
[WhiteElo "2008"]
[BlackElo "1912"]

1.Nf3 Nf6 2.d4 d5 3.c4 c6 4.e3 e6 5.Nc3 Nbd7 6.Bd3 dxc4 7.Bxc4 b5 8.Bd3 a6
9.O-O Bb7 10.e4 Be7 11.Re1 O-O 12.e5 Nd5 13.Ne4 h6 14.Qe2 Re8 15.Bd2 Nf8
16.Rac1 Rc8 17.a3 f5 18.exf6 Nxf6 19.Bf4 c5 20.Nxc5 Bxf3 21.Qxf3 Qxd4 22.Be5 Qd5
23.Qxd5 Nxd5 24.Nxa6 b4 25.a4 Bg5 26.Rc4 Rxc4 27.Bxc4 Rc8 28.b3 Nb6 29.Bb5 Bd2
30.Rd1 Rc2 31.Bd3  1-0

[Event "34th OFSz Mayor's Cup"]
[Site "Zabrze POL"]
[Date "2011.09.26"]
[Round "6.5"]
[White "Jelen,Ja"]
[Black "Korcz,D"]
[Result "0-1"]
[WhiteElo "2013"]
[BlackElo "1833"]

1.d4 d5 2.c4 c6 3.Nc3 Nf6 4.e3 e6 5.Nf3 Nbd7 6.Bd3 Bd6 7.g4 dxc4 8.Bxc4 b5
9.Bd3 Nd5 10.Bd2 Nxc3 11.Bxc3 b4 12.Bd2 c5 13.h4 Bb7 14.e4 cxd4 15.Nxd4 Qb6
16.Be3 Bc5 17.Bb5 Rd8 18.Qd3 O-O 19.Bxd7 Rxd7 20.Qb5 Rxd4 21.Qxb6 Bxb6 22.Bxd4 Bxd4
23.f3 Bxb2 24.Rd1 Bc3+ 25.Kf2 Bc6 26.Rd6 Rc8 27.Rc1 Kf8 28.a3 Ke7 29.e5 Bd5
30.Kg2 b3 31.Ra6 Rc7 32.Rxc3 Rxc3 33.Rxa7+ Ke8 34.Ra5 b2 35.Rb5 Rb3  0-1

[Event "8th Highlands Open"]
[Site "Zdar nad Sazavou CZE"]
[Date "2011.09.26"]
[Round "3"]
[White "Bartos,J"]
[Black "Siebenburger,V"]
[Result "1/2-1/2"]
[WhiteElo "2239"]
[BlackElo "2077"]

1.d4 d5 2.c4 c6 3.e3 Nf6 4.Nc3 e6 5.Nf3 Nbd7 6.Bd3 dxc4 7.Bxc4 b5 8.Be2 a6
9.e4 b4 10.e5 bxc3 11.exf6 Nxf6 12.bxc3 Bd6 13.O-O O-O 14.Nd2 Qc7 15.g3 c5
16.Bf3 Ra7 17.dxc5  1/2-1/2

[Event "Arab Elite Championship 2011"]
[Site "Dubai UAE"]
[Date "2011.09.28"]
[Round "5"]
[White "Mohammad,Sam"]
[Black "Tissir,M"]
[Result "1/2-1/2"]
[WhiteElo "2349"]
[BlackElo "2454"]

1.d4 d5 2.c4 c6 3.Nf3 Nf6 4.Nc3 e6 5.e3 Nbd7 6.Qc2 Bd6 7.Bd3 dxc4 8.Bxc4 O-O
9.O-O b5 10.Bd3 Bb7 11.e4 e5 12.h3 Re8 13.dxe5 Nxe5 14.Nxe5 Bxe5 15.Ne2 a6
16.Rd1 Qe7 17.f4 Bc7 18.e5 Bb6+ 19.Kh2 Ng4+ 20.Kg3 Nf2 21.Bxh7+ Kh8 22.Rf1 g6
23.Rxf2 Bxf2+ 24.Kxf2 Kxh7 25.Be3 c5 26.Bxc5 Qe6 27.Nd4 Qd5 28.Nf3 Rac8 29.b4 Red8
30.Re1 a5 31.a3 axb4 32.axb4 Ra8 33.Re2 Ra3 34.Be3 Qc4 35.Ng5+ Kg7 36.e6 Rc3
37.Qb2 f6 38.e7 Re8 39.Ne6+ Qxe6 40.Qxc3 Rxe7 41.Rd2 Bxg2 42.Kxg2 Qxe3 43.Qxe3 Rxe3
44.Rd5  1/2-1/2

[Event "Tatry Open"]
[Site "Tatranske Zruby SVK"]
[Date "2011.09.30"]
[Round "7.5"]
[White "Kantorik,M"]
[Black "Vul,A"]
[Result "1/2-1/2"]
[WhiteElo "2320"]
[BlackElo "2321"]

1.d4 d5 2.c4 e6 3.Nc3 c6 4.Nf3 Nf6 5.e3 Nbd7 6.Bd3 dxc4 7.Bxc4 b5 8.Be2 a6
9.e4 b4 10.e5 bxc3 11.exf6 Bb4 12.O-O Nxf6 13.bxc3 Bxc3 14.Rb1 O-O 15.Bg5 a5
16.a3 a4 17.Qc2 Bxd4 18.Qxc6 Ra5 19.Rfd1 Rd5 20.Qxa4 e5 21.Qc2 Be6 22.a4 h6  1/2-1/2

[Event "Tatry Open"]
[Site "Tatranske Zruby SVK"]
[Date "2011.09.30"]
[Round "7.41"]
[White "Jablonicky,F"]
[Black "Zemlicka,V"]
[Result "1-0"]
[WhiteElo "2187"]
[BlackElo "1949"]

1.c4 Nf6 2.Nc3 e6 3.Nf3 d5 4.d4 c6 5.e3 Nbd7 6.cxd5 exd5 7.Bd3 Bd6 8.O-O O-O
9.Rb1 a5 10.Bd2 Re8 11.a3 Ne4 12.Qc2 f5 13.Rfc1 Qf6 14.Be1 Qh6 15.g3 Ndf6
16.Bf1 g5 17.Bg2 f4 18.exf4 gxf4 19.Nh4 Bd7 20.Nxe4 Nxe4 21.Qb3 b5 22.a4 b4
23.Rc2 Re7 24.Rcc1 Qf6 25.Nf3 Rf8 26.Rc2 Bc7 27.Rbc1 Qg7 28.Rxc6 Bxc6 29.Rxc6 Qf7
30.Ng5 Qf5 31.Nxe4 Rxe4 32.Bxe4 Qxe4 33.Qd1 fxg3 34.hxg3 Bd8 35.Bd2 Qxd4
36.Qe2 Qe4 37.Qxe4 dxe4 38.Re6 Bf6 39.Bh6 Bg7 40.Bxg7 Kxg7 41.Rxe4 Rf5 42.Re7+ Kg6
43.Re6+ Kg5 44.Kg2 Rc5 45.Ra6 h5 46.Kh3 Kf5 47.f3 Rd5 48.Kh4 Ke5 49.Kxh5 Kd4+
50.Kg4 Kc4 51.f4 Kb3 52.f5 Kxb2 53.f6 Kc3 54.f7 Rd8 55.Kf5 b3 56.Rc6+ Kb4
57.Rb6+ Kxa4 58.g4 Ka3 59.g5 b2 60.g6 Rd1 61.f8=Q+  1-0

[Event "Tatry Open"]
[Site "Tatranske Zruby SVK"]
[Date "2011.10.01"]
[Round "8.20"]
[White "Belunek,V"]
[Black "Socha,J"]
[Result "1-0"]
[WhiteElo "2273"]
[BlackElo "2010"]

1.d4 Nf6 2.c4 e6 3.Nf3 d5 4.Nc3 c6 5.e3 Nbd7 6.Bd3 Be7 7.O-O O-O 8.e4 dxe4
9.Nxe4 Nxe4 10.Bxe4 Bf6 11.Qc2 g6 12.Bh6 Re8 13.Rad1 Qc7 14.h4 Bg7 15.Qc1 e5
16.Rfe1 exd4 17.Nxd4 Nf8 18.Bxg7 Kxg7 19.Qc3 f6 20.Bf3 Bd7 21.Qa3 a6 22.Re7+ Kg8
23.Ne6 Nxe6 24.Rdxd7 Qe5 25.g3 Qe1+ 26.Kg2 c5 27.Bd5 Kf8 28.Rf7+ Kg8 29.Rg7+ Kh8
30.Rxh7+ Kg8 31.Rdg7+ Kf8 32.Qxc5+  1-0

[Event "Tatry Open"]
[Site "Tatranske Zruby SVK"]
[Date "2011.10.01"]
[Round "8.6"]
[White "Krak,T"]
[Black "Vul,A"]
[Result "0-1"]
[WhiteElo "2282"]
[BlackElo "2321"]

1.d4 d5 2.c4 e6 3.Nf3 Nf6 4.Nc3 c6 5.e3 Nbd7 6.Bd3 dxc4 7.Bxc4 b5 8.Be2 Bb7
9.O-O Be7 10.e4 b4 11.e5 bxc3 12.exf6 Bxf6 13.bxc3 c5 14.dxc5 O-O 15.Ba3 Be7
16.Qd4 Qc7 17.Rab1 Bd5 18.c4 Bc6 19.Qe3 e5 20.Nd2 f5 21.Nb3 f4 22.Qc3 e4
23.Bg4 Rf6 24.Qa5 Qxa5 25.Nxa5 Nxc5 26.Nxc6 Rxc6 27.Rfe1 Rd8 28.Bxc5 Bxc5
29.Rxe4 Rd2 30.Rxf4 Rf6 31.Be6+ Kf8 32.Rxf6+ gxf6 33.Rf1 Rxa2 34.g3 a5 35.Kg2 a4
36.Rb1 Rxf2+ 37.Kh3 a3 38.Rb8+ Ke7  0-1

[Event "TCh-CZE Liga1 Vychod"]
[Site "Czech Rep CZE"]
[Date "2011.10.02"]
[Round "1"]
[White "Vanek, Ladislav"]
[Black "Roubalik, Jakub"]
[Result "0-1"]
[WhiteElo "2199"]
[BlackElo "2307"]

1.d4 Nf6 2.c4 e6 3.Nc3 d5 4.Nf3 c6 5.e3 Nbd7 6.Bd3 dxc4 7.Bxc4 b5 8.Bd3 a6
9.O-O c5 10.a4 b4 11.Ne4 Bb7 12.Nxf6+ Nxf6 13.Qe2 cxd4 14.exd4 Be7 15.Be3 O-O
16.Rac1 Qa5 17.Ne5 Rac8 18.Nc4 Qd5 19.f4 Nd7 20.Ne5 Nxe5 21.fxe5 Rxc1 22.Rxc1 a5
23.Rf1 f5 24.Bc4 Qd7 25.b3 Kh8 26.Bb5 Qd8 27.Qc2 f4 28.Rxf4 Rxf4 29.Bxf4 Qxd4+
30.Qf2 Bc5 31.Qxd4 Bxd4+ 32.Kf1 Bd5 33.Ke2 Bxb3 34.Kd3 Bc3 35.Bc4 Bxa4 36.Bxe6 Bc6
37.g4 g5 38.Bxg5 Bxe5 39.h4 a4 40.Kc4 b3 41.Bf5 Be8 42.Kb4 Kg7 43.Be3 Bg6
44.Bc1 b2 45.Bxb2 Bxb2 46.Kxa4 Bxf5 47.gxf5 Kh6 48.Kb3 Bf6 49.Kc4 Kh5  0-1